00685nam a2200193Ia 4500003000900000008004100009020001800050040001600068080001900084245016500103260003600268300001000304650004100314650002600355650002900381700003100410700002300441700002700464IN-BaIIA211028s9999 xx 000 0 eng d a0-8243-0922-7 cIIA Library a(05)52bANN-22 0aAnnual review of astronomy and astrophysicsbvol. 22cedited by Geoffrey R. Burbidge, David Layzer and John G. Phillips  aPalo AltobAnnual Reviewsc1984 a635p. aAstronomy and astrophysics thesaurus aAstronomy-Periodicals aAstrophysics-Periodicals aBurbidge, Geoffrey R., ed. aLayzer, David, ed. aPhillips, John G., ed.